Samáriom indukované reakcie nitrónov s estermi kyseliny akrylovej

Salvato in:
Dettagli Bibliografici
Autore principale: Pažitný, Andrej
Natura: Libro
Lingua:slovacco
Pubblicazione: Bratislava STU FCHPT 2006
Accesso online:Visualizza in OPAC
Tags: Aggiungi Tag
Nessun Tag, puoi essere il primo ad aggiungerne!!

MARC

LEADER 00000nam a2200000 a 4500
005 20260127134055.0
008 060607 2006 xo 000 0 slo d
035 |a vtls008771083 
039 9 |a 200606071404  |b mschk03  |y 200606071403  |z mschk03 
040 |a STUSCHK1  |b slo  |c STUSCHK1  |e AACR2 
100 1 |a Pažitný, Andrej 
245 1 |a Samáriom indukované reakcie nitrónov s estermi kyseliny akrylovej 
260 |a Bratislava  |b STU FCHPT  |c 2006 
300 |a 68 s.  |b tab.,lit. + CD-ROM 
500 |a Obháj.: 5.6. 2006 
500 |a Špec.: Organická chémia 
500 |a Ústav organickej chémie, katalýzy a petrochémie 
910 |a SCHK95 
999 |c 3449  |d 3449